banner-ar

الجاليات العربية فى امريكا اللاتينية : (Record no. 9052)

MARC details
000 -الفاتح
حقل البيانات ثابتة الطول 01045nam a2200241Ia 4500
008 - عناصر البيانات ثابتة الطول - معلومات عامة
حقل البيانات ثابتة الطول 140319s9999 xx 000 0 ara d
020 ## - الرقم الدولى المعيارى للكتب
الرقم الدولى المعيارى للكتاب 1101829953
040 ## - مصدر الفهرسة
وكالة الفهرسة الأصلية GCL /
وكالة النسخ GCL
082 04 - رقم تصنيف ديوى العشرى
رقم التصنيف 305.8908
رقم المادة خ ج
100 1# - المدخل الرئيسى - إسم شخصى
الإسم الشخصى عبدالواحد اكمير
245 10 - بيان العنوان
العنوان الجاليات العربية فى امريكا اللاتينية :
بقية العنوان دراسة حالات - المكسيك - التشيلى - البرازيل - البيرو - الباراجواى - الارجنتين /
بيان المسئوليه,etc عبدالواحد اكمير
700 1# - المدخل الاضافى - اسم شخصى
الإسم الشخصى مورينو، خوسى البيرتو
700 1# - المدخل الاضافى - اسم شخصى
الإسم الشخصى كحاط، فريد
700 1# - المدخل الاضافى - اسم شخصى
الإسم الشخصى مونتينيجرو، سيلفيا
250 ## - بيان الطبعة
بيان الطبعة الاولى
260 ## - PUBLICATION, DISTRIBUTION, ETC. (IMPRINT)
تاريخ النشر أو التوزيع 2006
300 ## - الوصف المادى
التعداد 358 ص ؛
أبعاد الوعاء 24 سم
650 04 - المدخل الاضافى بالموضوع-مصطلح موضوعى
مصطلح موضوعي الجاليات الاجنبية - امريكا الجنوبية
650 04 - المدخل الاضافى بالموضوع-مصطلح موضوعى
مصطلح موضوعي العرب فى امريكا الجنوبية
650 04 - المدخل الاضافى بالموضوع-مصطلح موضوعى
مصطلح موضوعي الاقليات - امريكا الجنوبية
942 ## - عناصر المدخل الإضافي( كوها)
مصدر التصنيف او مخطط الترفيف Dewey Decimal Classification
Koha [default] item type كتاب
260 ## - PUBLICATION, DISTRIBUTION, ETC. (IMPRINT)
-- بيروت :
-- مركز دراسات الوحدة العربية ،
Holdings
حالة التراجع حالة الفقد حالة تلف ليس للاعارة المكان المؤقت الموقع الحالى تاريخ الاكتساب اجمالي اﻻعارات رقم الطلب الباركود تاريخ اخر مشاهدة تاريخ تفعيل السعر نوع وعاء كوها
        مكتبة القاهرة الكبرى مكتبة القاهرة الكبرى 03/26/2014   305.8908\خ ج 18882 03/26/2014 03/26/2014 كتاب
        مكتبة القاهرة الكبرى مكتبة القاهرة الكبرى 03/26/2014   305.8908\خ ج 18883 03/26/2014 03/26/2014 كتاب
        مكتبة القاهرة الكبرى مكتبة القاهرة الكبرى 03/26/2014   305.8908\خ ج 18884 03/26/2014 03/26/2014 كتاب

Powered By

EGPV